00586nam a22001457a 4500003000400000008004100004020001800045082001700063245016100080250001300241260006300254300001100317650009400328700001800422OSt260624b |||||||| |||| 00| 0 eng d a9788170195924 a632.96bS61B aBiological Control of Crop Diseases: Recent Advances and Perspectives ; Vol. 2. Cereals, Pulses, Oilseeds and Other Crops/ edited by Dinesh Singh...[et al.] a1st. ed. aDelhi : bToday & Tomorrow Printers and Publishers,c2018. a760 p. aAgriculture and related technologies | Technology (Applied sciences) | Biological control aSingh, Dinesh